Statistics for Wash the World Map by nearby World Capitals and 1 Million Cities in 5 Minutes

Click here to take the quiz!

General Stats

  • This quiz has been taken 17,783 times
  • The average score is 344 of 527

Answers on the Map

Answers color-coded by a green-red scale on the quiz's map according to % correct below.
 

Answer Stats

TYPE-INANSWER% Correct
r:^SKOPJE|^BRAT[AEI]SLAVA|^BERN|^LUXEMB[EOU]+RG|^M…c-lat50-lon0
97%
r:^BERN|^LUXEMB[EOU]+RG|^M[AO]N[AEIO]CO|^(ANDOR+A)…c-lat50-lon-10
97%
r:^BRAT[AEI]SLAVA|^BERN|^LUXEMB[EOU]+RG|^M[AO]N[AE…c-lat60-lon0
97%
r:^SKOPJE|^BRAT[AEI]SLAVA|^TAL+IN|^BERN|^LUXEMB[EO…c-lat60-lon10
97%
r:^LUXEMB[EOU]+RG|^(ANDOR+A)?L[AE]VEL+A|^AMSTERDAM…c-lat60-lon-10
97%
r:^SKOPJE|^BRAT[AEI]SLAVA|^BERN|^LUXEMB[EOU]+RG|^M…c-lat50-lon10
96%
r:^SKOPJE|^N[AEI]COS[EI]A|^LEFKOSA|^AMMAN|^ANKARA|…c-lat50-lon30
96%
r:^SKOPJE|^BRAT[AEI]SLAVA|^TAL+IN|^ATHENS|^BELGRAD…c-lat60-lon20
96%
r:^LUXEMB[EOU]+RG|^AMSTERDAM|^BRUS+(EL|LE)S|^BRUXE…c-lat70-lon0
96%
r:^(ST|SAINT)L[OUI]+S|^ATLANTA|^BOSTON|^BUF+[AEIO]…m-lat40-lon-80
96%
r:^(KANSASCITY|KC)|^(ST|SAINT)L[OUI]+S|^ATLANTA|^A…m-lat40-lon-90
96%
r:^BEL+M[AEIO]P[AE]N|^G[UA]+T[AE]MALA|^HAVAN+A|^KI…c-lat20-lon-90
95%
r:^BERN|^LUXEMB[EOU]+RG|^M[AO]N[AEIO]CO|^(ANDOR+A)…c-lat40-lon0
95%
r:^BEL+M[AEIO]P[AE]N|^G[UA]+T[AE]MALA|^HAVAN+A|^ME…c-lat30-lon-100
94%
r:^BEL+M[AEIO]P[AE]N|^G[UA]+T[AE]MALA|^HAVAN+A|^KI…c-lat30-lon-90
94%
r:^BEIJING|^BIEJING|^PYONGYANG|^SE[OU]+L|^T[AI]+PE…c-lat40-lon120
94%
r:^HAVAN+A|^KINGSTOW?N|^NASSAU|^NASSUA|^OT+[AEO]WA…c-lat40-lon-80
94%
r:^HAVAN+A|^NASSAU|^NASSUA|^OT+[AEO]WA|^WASHINGTONc-lat40-lon-90
94%
r:^SKOPJE|^BRAT[AEI]SLAVA|^TAL+IN|^N[AEI]COS[EI]A|…c-lat50-lon20
94%
r:^ANKARA|^BAGH?DAD|^BAKU|^BUCHAREST|^CHIS[AEI]N(A…c-lat50-lon40
94%
r:^DUBLIN|^LONDON|^R[AEY]+[CK]+[A-Z]+V[EI][CK]c-lat60-lon-20
94%
r:^TAL+IN|^ANKARA|^BUCHAREST|^CHIS[AEI]N(AU|UA|OA)…c-lat60-lon30
94%
r:^DUBLIN|^LONDON|^R[AEY]+[CK]+[A-Z]+V[EI][CK]c-lat70-lon-10
94%
r:^(L[AO]S)?VEGAS|^CALGARY|^DENVER|^EDM[AEIO]NT[EO…m-lat50-lon-120
94%
r:^BOSTON|^BUF+[AEIO]LO|^CHARLOT+E|^CHICAGO|^CINC[…m-lat50-lon-80
94%
r:^(KANSASCITY|KC)|^(ST|SAINT)L[OUI]+S|^ATLANTA|^B…m-lat50-lon-90
94%
r:^BEL+M[AEIO]P[AE]N|^G[UA]+T[AE]MALA|^MAN+AG(AU|U…c-lat10-lon-100
93%
r:^PORTOFSPAIN|^BOGOTA|^CAR+AC[AEOU]+S|^KINGSTOW?N…c-lat10-lon-80
93%
r:^BEL+M[AEIO]P[AE]N|^G[UA]+T[AE]MALA|^MAN+AG(AU|U…c-lat20-lon-100
93%
r:^PORTOFSPAIN|^KINGSTOW?N|^CASTR[EI]+S|^ROS+[AE]+…c-lat20-lon-80
93%
r:^SKOPJE|^N[AEI]COS[EI]A|^LEFKOSA|^(THE)?(VATICAN…c-lat40-lon20
93%
r:^TAL+IN|^HELSINKI|^KIEV|^KEIV|^MINSK|^MOSCOW|^RI…c-lat70-lon30
93%
r:^(L[AO]S)?VEGAS|^CALGARY|^CIUDADJUAREZ|^DENVER|^…m-lat40-lon-120
93%
r:^(L[AO]S)?VEGAS|^CALGARY|^L[AO]SANG[AEIOUL]+S|^P…m-lat50-lon-130
93%
r:^SUCRE|^A[SC]+UNCION|^BRA[SZ]IL[EI]A|^LAPAZ|^LIM…c-lat-10-lon-70
92%
r:^BEL+M[AEIO]P[AE]N|^G[UA]+T[AE]MALA|^MEXICO|^SAN…c-lat20-lon-110
92%
r:^SUCRE|^A[SC]+UNCION|^B[EU]+NOE?SAI?RES|^BRA[SZ]…c-lat-20-lon-60
92%
r:^V[EI]+NT[AEI]+N|^BEIJING|^BIEJING|^HANOI|^MAN+I…c-lat30-lon110
92%
r:^N[AEI]COS[EI]A|^LEFKOSA|^ABUDH?ABI|^AD+[AEI]SAB…c-lat30-lon30
92%
r:^BAS+[AE]TER+E|^HAVAN+A|^KINGSTOW?N|^NASSAU|^NAS…c-lat30-lon-80
92%
r:^(ANDOR+A)?L[AE]VEL+A|^AL+G[EI]+RS|^DUBLIN|^LISB…c-lat40-lon-10
92%
r:^SKOPJE|^BRAT[AEI]SLAVA|^N[AEI]COS[EI]A|^LEFKOSA…c-lat40-lon10
92%
r:^BEIJING|^BIEJING|^PYONGYANG|^SE[OU]+L|^ULANBATO…c-lat50-lon110
92%
r:^ATLANTA|^BARRANQUILLA|^BUCARAMANGA|^CART[AEI]GE…m-lat30-lon-80
92%
r:^(KANSASCITY|KC)|^(L[AO]S)?VEGAS|^(ST|SAINT)L[OU…m-lat40-lon-110
92%
r:^(L[AO]S)?VEGAS|^L[AO]SANG[AEIOUL]+S|^MEXICALI|^…m-lat40-lon-130
92%
r:^SUCRE|^PORTOFSPAIN|^BOGOTA|^CAR+AC[AEOU]+S|^LAP…c-lat0-lon-70
91%
r:^BOGOTA|^LAPAZ|^LIMA|^PANAMA|^QUITOc-lat0-lon-80
91%
r:^PORTOFSPAIN|^KINGSTOW?N|^CASTR[EI]+S|^ROS+[AE]+…c-lat10-lon-70
91%
r:^YAM+[OU]+S+[OU]+[CK]+RO|^AL+G[EI]+RS|^B[AO]M+AK…c-lat30-lon-10
91%
r:^MEXICOc-lat30-lon-110
91%
r:^ABUDH?ABI|^AMMAN|^BAGH?DAD|^BEIRUT|^BIERUT|^CAI…c-lat30-lon40
91%
r:^RAWALPINDI|^ISLAMABAD|^ABUDH?ABI|^ASHGABAT|^ASH…c-lat30-lon60
91%
r:^V[EI]+NT[AEI]+N|^BEIJING|^BIEJING|^HANOI|^ULANB…c-lat40-lon100
91%
r:^MEXICOc-lat40-lon-100
91%
r:^BEIJING|^BIEJING|^PYONGYANG|^SE[OU]+L|^T[AI]+PE…c-lat40-lon110
91%
r:^N[AEI]COS[EI]A|^LEFKOSA|^AMMAN|^ANKARA|^ATHENS|…c-lat40-lon30
91%
r:^N[AEI]COS[EI]A|^LEFKOSA|^ABUDH?ABI|^AMMAN|^ANKA…c-lat40-lon40
91%
r:^RAWALPINDI|^ISLAMABAD|^ASHGABAT|^ASHKH?ABAD|^BI…c-lat40-lon60
91%
r:^RAWALPINDI|^ISLAMABAD|^ASTANA|^ASHGABAT|^ASHKH?…c-lat40-lon70
91%
r:^BAKU|^KIEV|^KEIV|^MINSK|^MOSCOW|^T[PB][AEI]?LIS…c-lat60-lon40
91%
r:^(ST|SAINT)L[OUI]+S|^ATLANTA|^AUSTIN|^CHARLOT+E|…m-lat30-lon-90
91%
r:^SUCRE|^A[SC]+UNCION|^B[EU]+NOE?SAI?RES|^LAPAZ|^…c-lat-20-lon-70
90%
r:^A[SC]+UNCION|^B[EU]+NOE?SAI?RES|^MONT[AE]VIDEO|…c-lat-30-lon-60
90%
r:^SUCRE|^A[SC]+UNCION|^B[EU]+NOE?SAI?RES|^MONT[AE…c-lat-30-lon-70
90%
r:^RAWALPINDI|^ISLAMABAD|^THIMPH?U|^BISH[CK]+EC?K|…c-lat30-lon70
90%
r:^AL+G[EI]+RS|^LISBON|^LISBOA|^MADRID|^N[OUA]+[CK…c-lat40-lon-20
90%
r:^RAWALPINDI|^ISLAMABAD|^THIMPH?U|^BISH[CK]+EC?K|…c-lat40-lon80
90%
r:^BEIJING|^BIEJING|^ULANBATOR|^UL[AO]+NBA+T+[AOU]…c-lat50-lon100
90%
r:^BEIJING|^BIEJING|^PYONGYANG|^SE[OU]+Lc-lat50-lon120
90%
r:^(ANDOR+A)?L[AE]VEL+A|^DUBLIN|^LISBON|^LISBOA|^M…c-lat50-lon-20
90%
r:^OT+[AEO]WA|^WASHINGTONc-lat50-lon-70
90%
r:^RAWALPINDI|^ISLAMABAD|^ASTANA|^BISH[CK]+EC?K|^D…c-lat50-lon70
90%
r:^OT+[AEO]WA|^WASHINGTONc-lat50-lon-80
90%
r:^OT+[AEO]WA|^WASHINGTONc-lat50-lon-90
90%
r:^BEIJING|^BIEJING|^ULANBATOR|^UL[AO]+NBA+T+[AOU]…c-lat60-lon110
90%
r:^OT+[AEO]WA|^WASHINGTONc-lat60-lon-80
90%
r:^BRAT[AEI]SLAVA|^TAL+IN|^BERLIN|^COPENHAGEN|^KOB…c-lat70-lon10
90%
r:^AGADIR|^ANTWERP|^BARC[AEIO]LONA|^BIRMINGHAM|^BO…m-lat50-lon-10
90%
r:^(KANSASCITY|KC)|^(ST|SAINT)L[OUI]+S|^AUSTIN|^BU…m-lat50-lon-100
90%
r:^BOSTON|^BUF+[AEIO]LO|^HARRISBURG|^HARTFORD|^MON…m-lat50-lon-70
90%
r:^BOSTON|^BUF+[AEIO]LO|^HARRISBURG|^HARTFORD|^MON…m-lat60-lon-80
90%
r:^LIMA|^MAN+AG(AU|UA)|^PANAMA|^QUITO|^SANJOSEc-lat0-lon-90
89%
r:^AD+[AEI]SAB+[AE]B+A|^AMMAN|^BEIRUT|^BIERUT|^CAI…c-lat20-lon30
89%
r:^SUCRE|^A[SC]+UNCION|^LAPAZ|^LIMA|^SANTIAGOc-lat-20-lon-80
89%
r:^B[EU]+NOE?SAI?RES|^MONT[AE]VIDEO|^SANTIAGOc-lat-30-lon-80
89%
r:^PYONGYANG|^SE[OU]+L|^TOKYOc-lat40-lon130
89%
r:^B[EU]+NOE?SAI?RES|^MONT[AE]VIDEO|^SANTIAGOc-lat-40-lon-70
89%
r:^PYONGYANG|^SE[OU]+L|^TOKYOc-lat50-lon130
89%
r:^BAKU|^MOSCOWc-lat60-lon50
89%
r:^BELEM|^BELO|^CAMP[AEI]N[AEIOU]+S|^CUR[AEI]T[AEI…m-lat-10-lon-50
89%
r:^BELO|^CAMP[AEI]N[AEIOU]+S|^COCHABAMBA|^CUR[AEI]…m-lat-10-lon-60
89%
r:^(KANSASCITY|KC)|^(ST|SAINT)L[OUI]+S|^AGUASCALIE…m-lat30-lon-100
89%
r:^ANTWERP|^BARC[AEIO]LONA|^BIRMINGHAM|^BORDEAUX|^…m-lat50-lon0
89%
r:^SUCRE|^A[SC]+UNCION|^BRA[SZ]IL[EI]A|^LAPAZc-lat-10-lon-60
88%
r:^BEL+M[AEIO]P[AE]N|^BOGOTA|^G[UA]+T[AE]MALA|^MAN…c-lat10-lon-90
88%
r:^JOHAN+[AEIOU]+SB[EOU]+RG|^PRETORIA|^GAB+[AEO]R+…c-lat-20-lon10
88%
r:^JOHAN+[AEIOU]+SB[EOU]+RG|^PRETORIA|^GAB+[AEO]R+…c-lat-20-lon20
88%
r:^COLOMBO|^COLUMBO|^DELHI|^NEWDELHI|^MALEc-lat20-lon70
88%
r:^MELEKEOK|^NGERULMUD|^T[AI]+PEI|^TOKYOc-lat30-lon130
88%
r:^THIMPH?U|^DELHI|^NEWDELHI|^DHAKA|^DACCA|^KATH?M…c-lat30-lon80
88%
r:^MOSCOWc-lat70-lon40
88%
r:^BELO|^CAMP[AEI]N[AEIOU]+S|^CUR[AEI]T[AEI]+BA|^J…m-lat-20-lon-40
88%
r:^BELO|^CAMP[AEI]N[AEIOU]+S|^COCHABAMBA|^CORDOBA|…m-lat-20-lon-60
88%
r:^(KANSASCITY|KC)|^(ST|SAINT)L[OUI]+S|^ATLANTA|^A…m-lat40-lon-100
88%
r:^V[EI]+NT[AEI]+N|^BANDAR|^BSB|^BANG[CK]OC?K|^KRU…c-lat10-lon100
87%
r:^PORTOFSPAIN|^KINGSTOW?N|^CASTR[EI]+S|^ROS+[AE]+…c-lat20-lon-70
87%
r:^TOKYOc-lat30-lon140
87%
r:^N[AEI]COS[EI]A|^LEFKOSA|^AMMAN|^ATHENS|^BEIRUT|…c-lat30-lon20
87%
r:^TOKYOc-lat40-lon140
87%
r:^TOKYOc-lat40-lon150
87%
r:^TOKYOc-lat50-lon140
87%
r:^BELO|^CAMP[AEI]N[AEIOU]+S|^CUR[AEI]T[AEI]+BA|^G…m-lat-20-lon-50
87%
r:^BELO|^CAMP[AEI]N[AEIOU]+S|^CUR[AEI]T[AEI]+BA|^P…m-lat-30-lon-50
87%
r:^AGADIR|^ANTWERP|^BARC[AEIO]LONA|^BORDEAUX|^CASA…m-lat40-lon0
87%
r:^BANDAR|^BSB|^JAKARTA|^K[AOU]+LAL[AOU]+MP[AEOU]+…c-lat10-lon110
86%
r:^JOHAN+[AEIOU]+SB[EOU]+RG|^PRETORIA|^B[AEIOU]J[A…c-lat-10-lon30
86%
r:^PORTOFSPAIN|^KINGSTOW?N|^CASTR[EI]+S|^ROS+[AE]+…c-lat10-lon-60
86%
r:^SUCRE|^LAPAZ|^LIMA|^QUITOc-lat-10-lon-80
86%
r:^JOHAN+[AEIOU]+SB[EOU]+RG|^PRETORIA|^GAB+[AEO]R+…c-lat-30-lon20
86%
r:^JOHAN+[AEIOU]+SB[EOU]+RG|^PRETORIA|^GAB+[AEO]R+…c-lat-30-lon30
86%
r:^(V[AI]+[SZ][AH]+K|VIZAG)|^AGRA|^AH?M[AE]D[AE]BA…m-lat30-lon70
86%
r:^(SAINT|ST|SANKT)PETERS?B[EU]RG|^ADANA|^AL+EP+O|…m-lat50-lon30
86%
r:^ANTWERP|^BARC[AEIO]LONA|^BIRMINGHAM|^BORDEAUX|^…m-lat60-lon0
86%
r:^V[EI]+NT[AEI]+N|^BANG[CK]OC?K|^KRUNGTHEP|^HANOI…c-lat20-lon100
85%
r:^(SHAN|SWA|SUA)T(OU|AO)|^(TS|Q)ING[DT]AO|^[DT](A…m-lat40-lon110
85%
r:^BOSTON|^CHARLOT+E|^GREENE?SB[OU]+RO|^HARRISBURG…m-lat40-lon-70
85%
r:^ANTWERP|^BARC[AEIO]LONA|^BORDEAUX|^BURSA|^COLOG…m-lat50-lon10
85%
r:^CALGARY|^EDM[AEIO]NT[EO]N|^PORTLAND|^SACK?R[AEI…m-lat60-lon-130
85%
r:^BRA[SZ]IL[EI]A|^PAR+AMAR+[EI]M?BO|^GEORGETOWNc-lat0-lon-60
84%
r:^JOHAN+[AEIOU]+SB[EOU]+RG|^PRETORIA|^B[AEIOU]J[A…c-lat-10-lon20
84%
r:^ABUDH?ABI|^AD+[AEI]SAB+[AE]B+A|^BAGH?DAD|^DJ[AE…c-lat20-lon40
84%
r:^A[SC]+UNCION|^BRA[SZ]IL[EI]Ac-lat-20-lon-50
84%
r:^BANJUL|^B[AEI]S+(AU|UA)|^B[AO]M+AKO|^CONA[RKC]+…c-lat30-lon-20
84%
r:^RAWALPINDI|^ISLAMABAD|^ABUDH?ABI|^ASHGABAT|^ASH…c-lat40-lon50
84%
r:^TAL+IN|^HELSINKI|^MINSK|^OSLO|^STOCKHOLM|^VIL+N…c-lat70-lon20
84%
r:^BELEM|^BELO|^FORT[AEIO]L[AEI]+[SZ]A|^GOIANIA|^J…m-lat0-lon-50
84%
r:^(SHAN|SWA|SUA)T(OU|AO)|^(TS|Q)ING[DT]AO|^ANGELE…m-lat30-lon110
84%
r:^(SHAN|SWA|SUA)T(OU|AO)|^(TS|Q)ING[DT]AO|^[DT](A…m-lat40-lon120
84%
r:^(L[AO]S)?VEGAS|^CALGARY|^EDM[AEIO]NT[EO]N|^PORT…m-lat60-lon-120
84%
r:^BANDAR|^BSB|^JAKARTA|^K[AOU]+LAL[AOU]+MP[AEOU]+…c-lat0-lon100
83%
r:^B[AEIOU]J[AEIOU]MBUR+A|^MAL+AB+O|^AD+[AEI]SAB+[…c-lat10-lon20
83%
r:^LAPAZ|^LIMAc-lat-10-lon-90
83%
r:^JOHAN+[AEIOU]+SB[EOU]+RG|^PRETORIA|^GAB+[AEO]R+…c-lat-20-lon30
83%
r:^PORTOFSPAIN|^KINGSTOW?N|^CASTR[EI]+S|^ROS+[AE]+…c-lat30-lon-70
83%
r:^BELO|^FORT[AEIO]L[AEI]+[SZ]A|^GOIANIA|^JOAOPESS…m-lat-10-lon-40
83%
r:^ADELAIDE|^BRISBANE|^MEL+B[EOU]+RN|^S[IY][ND]+E?…m-lat-20-lon140
83%
r:^AH?M[AE]D[AE]BAD|^AMDAVAD|^KARNAVATI|^AURANGABA…m-lat20-lon60
83%
r:^(SHAN|SWA|SUA)T(OU|AO)|^(TS|Q)ING[DT]AO|^[DT](A…m-lat30-lon120
83%
r:^(L[AO]S)?VEGAS|^AGUASCALIENTES|^CIUDADJUAREZ|^E…m-lat30-lon-120
83%
r:^ADELAIDE|^MEL+B[EOU]+RN|^S[IY][ND]+E?Ym-lat-30-lon130
83%
r:^ADELAIDE|^BRISBANE|^MEL+B[EOU]+RN|^S[IY][ND]+E?…m-lat-30-lon140
83%
r:^ADELAIDE|^BRISBANE|^MEL+B[EOU]+RN|^S[IY][ND]+E?…m-lat-30-lon150
83%
r:^AU[CK]+LAND|^BRISBANE|^S[IY][ND]+E?Ym-lat-30-lon160
83%
r:^(V[AI]+[SZ][AH]+K|VIZAG)|^AGRA|^AH?M[AE]D[AE]BA…m-lat30-lon80
83%
r:^ADELAIDE|^MEL+B[EOU]+RN|^S[IY][ND]+E?Ym-lat-40-lon140
83%
r:^BRISBANE|^MEL+B[EOU]+RN|^S[IY][ND]+E?Ym-lat-40-lon150
83%
r:^ANTWERP|^BIRMINGHAM|^BORDEAUX|^COLOGNE|^KOLN|^r…m-lat60-lon-10
83%
r:^(SAINT|ST|SANKT)PETERS?B[EU]RG|^ADANA|^D[AO]N+E…m-lat60-lon30
83%
r:^BANDAR|^BSB|^DILL?I|^JAKARTA|^SING[AEIO]POREc-lat0-lon110
82%
r:^BRA[SZ]IL[EI]Ac-lat0-lon-50
82%
r:^JAKARTA|^K[AOU]+LAL[AOU]+MP[AEOU]+R|^SING[AEIO]…c-lat0-lon90
82%
r:^B[AEIOU]J[AEIOU]MBUR+A|^D[AEIO]DOMA|^AD+[AEI]SA…c-lat10-lon30
82%
r:^BRA[SZ]IL[EI]Ac-lat-10-lon-40
82%
r:^BRA[SZ]IL[EI]Ac-lat-10-lon-50
82%
r:^V[EI]+NT[AEI]+N|^BANDAR|^BSB|^BANG[CK]OC?K|^KRU…c-lat20-lon110
82%
r:^(V[AI]+[SZ][AH]+K|VIZAG)|^AGRA|^AH?M[AE]D[AE]BA…m-lat20-lon70
82%
r:^(V[AI]+[SZ][AH]+K|VIZAG)|^AGRA|^ALIGARH|^ALLAHA…m-lat20-lon80
82%
r:^AGUASCALIENTES|^AUSTIN|^CIUDADJUAREZ|^CUERNAVAC…m-lat30-lon-110
82%
r:^AGRA|^AH?M[AE]D[AE]BAD|^AMDAVAD|^KARNAVATI|^ALI…m-lat30-lon60
82%
r:^AGADIR|^BARC[AEIO]LONA|^BORDEAUX|^CASABLANCA|^F…m-lat40-lon-10
82%
r:^(TS|Q)ING[DT]AO|^[DT](AE|EA)GU|^ANSHAN|^BENGBU|…m-lat40-lon130
82%
r:^(SAINT|ST|SANKT)PETERS?B[EU]RG|^BURSA|^D[AO]N+E…m-lat60-lon20
82%
r:^B[AEIOU]J[AEIOU]MBUR+A|^D[AEIO]DOMA|^BANGUI|^BA…c-lat0-lon20
81%
r:^JOHAN+[AEIOU]+SB[EOU]+RG|^PRETORIA|^GAB+[AEO]R+…c-lat-20-lon40
81%
r:^ABUDH?ABI|^ASHGABAT|^ASHKH?ABAD|^BAGH?DAD|^DOHA…c-lat30-lon50
81%
r:^BUF+[AEIO]LO|^CHICAGO|^CINC[AEI]N+AT+I|^CL[AEV]…m-lat60-lon-90
81%
r:^PORTONOVO|^MAL+AB+O|^ABUJA|^AC+RA|^BRAZ+AVIL+E|…c-lat0-lon0
80%
r:^PORTONOVO|^YAM+[OU]+S+[OU]+[CK]+RO|^MAL+AB+O|^A…c-lat10-lon0
80%
r:^PORTONOVO|^MAL+AB+O|^ABUJA|^AC+RA|^BANGUI|^BANG…c-lat10-lon10
80%
r:^JAKARTA|^SING[AEIO]POREc-lat-10-lon100
80%
r:^PORTONOVO|^YAM+[OU]+S+[OU]+[CK]+RO|^BANJUL|^ABU…c-lat20-lon-10
80%
r:^CANB[AE]R+A|^WELLINGTONc-lat-30-lon160
80%
r:^B[EU]+NOE?SAI?RES|^MONT[AE]VIDEOc-lat-30-lon-50
80%
r:^B[EU]+NOE?SAI?RES|^MONT[AE]VIDEOc-lat-40-lon-60
80%
r:^BARQUISIMETO|^BARRANQUILLA|^BUCARAMANGA|^CALI|^…m-lat20-lon-80
80%
r:^(SHAN|SWA|SUA)T(OU|AO)|^[DT](AE|EA)GU|^BUSAN|^P…m-lat30-lon130
80%
r:^(ESF|ISF|SEP|HISP)AHAN|^ADANA|^AHVAZ|^AL+EP+O|^…m-lat40-lon30
80%
r:^(KANSASCITY|KC)|^(L[AO]S)?VEGAS|^CALGARY|^CIUDA…m-lat50-lon-110
80%
r:^B[AEIOU]J[AEIOU]MBUR+A|^D[AEIO]DOMA|^MORONI|^AD…c-lat0-lon30
79%
r:^BANG[CK]OC?K|^KRUNGTHEP|^COLOMBO|^COLUMBO|^K[AO…c-lat10-lon90
79%
r:^MAL+AB+O|^ABUJA|^BANGUI|^BANGIU|^BRAZ+AVIL+E|^K…c-lat20-lon10
79%
r:^V[EI]+NT[AEI]+N|^THIMPH?U|^BANG[CK]OC?K|^KRUNGT…c-lat20-lon90
79%
r:^V[EI]+NT[AEI]+N|^THIMPH?U|^BANG[CK]OC?K|^KRUNGT…c-lat30-lon100
79%
r:^MAN+IL+A|^PYONGYANG|^SE[OU]+L|^T[AI]+PEIc-lat30-lon120
79%
r:^BRISBANE|^S[IY][ND]+E?Ym-lat-20-lon150
79%
r:^AGRA|^AH?M[AE]D[AE]BAD|^AMDAVAD|^KARNAVATI|^ALI…m-lat40-lon70
79%
r:^ADANA|^ALEXANDRIA|^ANTALYA|^BURSA|^D[AO]N+E[ST]…m-lat50-lon20
79%
r:^BANDAR|^BSB|^DILL?I|^JAKARTAc-lat0-lon120
78%
r:^BANDAR|^BSB|^DILL?I|^JAKARTAc-lat-10-lon110
78%
r:^MORONI|^AD+[AEI]SAB+[AE]B+A|^DJ[AEI]B(OU|UO|U)T…c-lat10-lon40
78%
r:^BAS+[AE]TER+E|^WASHINGTONc-lat40-lon-70
78%
r:^AURANGABAD|^BANG[AEI]L[OU]R[EU]|^C[OI]+MB[AEIO]…m-lat10-lon70
78%
r:^(SHAN|SWA|SUA)T(OU|AO)|^ANGELES|^CANGNAN|^CEBU|…m-lat20-lon120
78%
r:^ATLANTA|^BARRANQUILLA|^BUCARAMANGA|^CART[AEI]GE…m-lat20-lon-90
78%
r:^(SHAN|SWA|SUA)T(OU|AO)|^ASANSOL|^BAOJI|^CANGNAN…m-lat30-lon100
78%
r:^ANTWERP|^BIRMINGHAM|^COLOGNE|^KOLN|^r:^DUS+[EL]…m-lat60-lon10
78%
r:^PORTOFSPAIN|^KINGSTOW?N|^CASTR[EI]+S|^ROS+[AE]+…c-lat20-lon-60
77%
r:^M[AE]S[AE]RU|^BL[OE]+MFONT[EI]+N|^CAPETOWN|^WIN…c-lat-30-lon10
77%
r:^SANTIAGOc-lat-30-lon-90
77%
r:^SANTIAGOc-lat-40-lon-80
77%
r:^L[AO]SANG[AEIOUL]+S|^MEXICALI|^SACK?R[AEIO]MENT…m-lat30-lon-130
77%
r:^PORTLAND|^SACK?R[AEIO]MENTO|^SANFRANCISCO|^SEAT…m-lat50-lon-140
77%
r:^B[AEIOU]J[AEIOU]MBUR+A|^MAL+AB+O|^BANGUI|^BANGI…c-lat0-lon10
76%
r:^B[AEIOU]J[AEIOU]MBUR+A|^D[AEIO]DOMA|^MORONI|^VI…c-lat0-lon40
76%
r:^PORTONOVO|^YAM+[OU]+S+[OU]+[CK]+RO|^BANJUL|^AC+…c-lat10-lon-20
76%
r:^THIMPH?U|^BANG[CK]OC?K|^KRUNGTHEP|^COLOMBO|^COL…c-lat20-lon80
76%
r:^V[EI]+NT[AEI]+N|^THIMPH?U|^BANG[CK]OC?K|^KRUNGT…c-lat30-lon90
76%
r:^OSLO|^STOCKHOLMc-lat80-lon10
76%
r:^L[AO]SANG[AEIOUL]+S|^SACK?R[AEIO]MENTO|^SANDIEG…m-lat40-lon-140
76%
r:^ADANA|^AL+EP+O|^HALAB|^ALEXANDRIA|^ANTALYA|^BUR…m-lat40-lon20
76%
r:^(TS|Q)ING[DT]AO|^[DT](AE|EA)GU|^ANSHAN|^BAODING…m-lat50-lon120
76%
r:^ANTWERP|^BIRMINGHAM|^COLOGNE|^KOLN|^r:^DUS+[EL]…m-lat70-lon0
76%
r:^PORTONOVO|^YAM+[OU]+S+[OU]+[CK]+RO|^MAL+AB+O|^A…c-lat10-lon-10
75%
r:^CANB[AE]R+A|^(PORT|PT)MORESBE?Yc-lat-20-lon140
75%
r:^[JY]OG[AYJ]+[CK]+ARTA|^ANGELES|^BAND[AEOU]NG|^B…m-lat10-lon110
75%
r:^AGUASCALIENTES|^AUSTIN|^CUERNAVACA|^DALLAS|^G[A…m-lat20-lon-100
75%
r:^(SAINT|ST|SANKT)PETERS?B[EU]RG|^(YE|YA|E)KAT[EI…m-lat60-lon40
75%
r:^BRAZ+AVIL+E|^HARARE|^KINSH?ASH?A|^L[AEIO]LONGWE…c-lat-10-lon10
74%
r:^(THE)?(VATICAN|HOLYSEE)|^NDJAM[AEI]NA|^ROME|^RO…c-lat30-lon10
74%
r:^M[AE]S[AE]RU|^BL[OE]+MFONT[EI]+N|^CAPETOWNc-lat-40-lon20
74%
r:^CANB[AE]R+Ac-lat-20-lon150
73%
r:^YAM+[OU]+S+[OU]+[CK]+RO|^BANJUL|^B[AEI]S+(AU|UA…c-lat20-lon-20
73%
r:^CAPETOWNc-lat-30-lon0
73%
r:^CANB[AE]R+Ac-lat-30-lon130
73%
r:^CANB[AE]R+Ac-lat-30-lon140
73%
r:^CANB[AE]R+Ac-lat-30-lon150
73%
r:^CAPETOWNc-lat-40-lon10
73%
r:^CANB[AE]R+Ac-lat-40-lon140
73%
r:^CANB[AE]R+Ac-lat-40-lon150
73%
r:^R[AEY]+[CK]+[A-Z]+V[EI][CK]c-lat60-lon-30
73%
r:^R[AEY]+[CK]+[A-Z]+V[EI][CK]c-lat70-lon-20
73%
r:^R[AEY]+[CK]+[A-Z]+V[EI][CK]c-lat70-lon-30
73%
r:^R[AEY]+[CK]+[A-Z]+V[EI][CK]c-lat70-lon-40
73%
r:^R[AEY]+[CK]+[A-Z]+V[EI][CK]c-lat80-lon-20
73%
r:^R[AEY]+[CK]+[A-Z]+V[EI][CK]c-lat80-lon-30
73%
r:^ABIDJAN|^BENINCITY|^FE[SZ]|^IB[AEI]DAN|^KADUNA|…m-lat20-lon-10
73%
r:^ANGELES|^BATAM|^CH[OU]NG[KQ]ING|^CHENGDU|^CHONB…m-lat20-lon100
73%
r:^ALEXANDRIA|^ANTALYA|^BARC[AEIO]LONA|^BURSA|^IZM…m-lat40-lon10
73%
r:^PORTONOVO|^YAM+[OU]+S+[OU]+[CK]+RO|^MAL+AB+O|^A…c-lat20-lon0
72%
r:^ABA|^ABIDJAN|^BENINCITY|^D[OU]+ALA|^IB[AEI]DAN|…m-lat10-lon0
72%
r:^ABA|^ABIDJAN|^BENINCITY|^D[OU]+ALA|^IB[AEI]DAN|…m-lat10-lon10
72%
r:^ABA|^ABIDJAN|^BENINCITY|^D[OU]+ALA|^IB[AEI]DAN|…m-lat20-lon0
72%
r:^BARQUISIMETO|^MARACAY|^MEL+B[EOU]+RN|^MIAMI|^OR…m-lat30-lon-70
72%
r:^(SAINT|ST|SANKT)PETERS?B[EU]RG|^KAZAN|^NIZH?N(E…m-lat70-lon40
72%
r:^NU[CK]+[AEIOU]+L[OU]FA|^PORTVIL+A|^SUVA|^WELLIN…c-lat-20-lon170
71%
r:^ABUDH?ABI|^DJ[AEI]B(OU|UO|U)TI|^DOHA|^MANAMA|^M…c-lat20-lon50
71%
r:^ABUJA|^AL+G[EI]+RS|^N[AI]+M(EY|Y)|^OUAGA|^OAUGA…c-lat30-lon0
71%
r:^ABA|^ABIDJAN|^BENINCITY|^D[OU]+ALA|^IB[AEI]DAN|…m-lat0-lon0
71%
r:^ABA|^ABIDJAN|^BENINCITY|^D[OU]+ALA|^IB[AEI]DAN|…m-lat10-lon-10
71%
r:^(V[AI]+[SZ][AH]+K|VIZAG)|^ASANSOL|^BANG[AEI]L[O…m-lat20-lon90
71%
r:^MAN+IL+A|^MELEKEOK|^NGERULMUD|^T[AI]+PEIc-lat20-lon120
70%
r:^OT+[AEO]WAc-lat50-lon-100
70%
r:^OT+[AEO]WAc-lat60-lon-90
70%
r:^ABIDJAN|^KUMASI|^KUMASE|^LAGOSm-lat0-lon-10
70%
r:^ABIDJAN|^KUMASI|^KUMASE|^LAGOSm-lat10-lon-20
70%
r:^AGADIR|^CASABLANCA|^FE[SZ]|^MALAGA|^MARRAKESH|^…m-lat30-lon-10
70%
r:^(ESF|ISF|SEP|HISP)AHAN|^AH?M[AE]D[AE]BAD|^AMDAV…m-lat30-lon50
70%
r:^AGADIR|^CASABLANCA|^FE[SZ]|^MALAGA|^MARRAKESH|^…m-lat40-lon-20
70%
r:^AD+[AEI]SAB+[AE]B+A|^BANGUI|^BANGIU|^KH?ART(OU|…c-lat20-lon20
69%
r:^BANJUL|^B[AEI]S+(AU|UA)|^B[AO]M+AKO|^CONA[RKC]+…c-lat20-lon-30
69%
r:^[JY]OG[AYJ]+[CK]+ARTA|^BAND[AEOU]NG|^BANDARLAMP…m-lat-10-lon110
69%
r:^(SHAN|SWA|SUA)T(OU|AO)|^ANGELES|^CANGNAN|^CEBU|…m-lat20-lon110
69%
r:^(SAINT|ST|SANKT)PETERS?B[EU]RG|^D[AO]N+E[ST]+K|…m-lat70-lon30
69%
r:^BANDAR|^BSB|^DILL?I|^MAN+IL+A|^MELEKEOK|^NGERUL…c-lat10-lon120
68%
r:^BANJUL|^B[AEI]S+(AU|UA)|^CONA[RKC]+(EY|Y)|^DAKA…c-lat10-lon-30
68%
r:^LISBON|^LISBOA|^RABAT|^RABBATc-lat40-lon-30
68%
r:^CAMP[AEI]N[AEIOU]+S|^COCHABAMBA|^CORDOBA|^CUR[A…m-lat-20-lon-70
68%
r:^CAMP[AEI]N[AEIOU]+S|^CORDOBA|^CUR[AEI]T[AEI]+BA…m-lat-30-lon-60
68%
r:^WELLINGTONc-lat-30-lon170
67%
r:^NU[CK]+[AEIOU]+L[OU]FA|^WELLINGTONc-lat-30-lon-180
67%
r:^NU[CK]+[AEIOU]+L[OU]FA|^WELLINGTONc-lat-30-lon180
67%
r:^WELLINGTONc-lat-40-lon160
67%
r:^WELLINGTONc-lat-40-lon170
67%
r:^WELLINGTONc-lat-40-lon180
67%
r:^WELLINGTONc-lat-40-lon-180
67%
r:^WELLINGTONc-lat-50-lon170
67%
r:^RAWALPINDI|^ISLAMABAD|^ASTANA|^ASHGABAT|^ASHKH?…c-lat50-lon60
67%
r:^DENP[AE]S+[AE]R|^MALANG|^PERTH|^SUR+[AEIO]BAYAm-lat-20-lon110
67%
r:^(ESF|ISF|SEP|HISP)AHAN|^AHVAZ|^AL+EP+O|^HALAB|^…m-lat30-lon40
67%
r:^(ESF|ISF|SEP|HISP)AHAN|^ADANA|^AHVAZ|^AL+EP+O|^…m-lat50-lon40
67%
r:^(SAINT|ST|SANKT)PETERS?B[EU]RGm-lat70-lon20
67%
r:^(SAINT|ST|SANKT)PETERS?B[EU]RGm-lat80-lon30
67%
r:^D[AEIO]DOMA|^MORONI|^(PORT|PT)L(OU|UO)IS|^ANTAN…c-lat-10-lon40
66%
r:^ADELAIDE|^PERTHm-lat-30-lon120
66%
r:^BIRMINGHAM|^GLASGOW|^LEEDS|^LIVERPOOL|^MANCHEST…m-lat60-lon-20
66%
r:^BIRMINGHAM|^GLASGOW|^LEEDS|^LIVERPOOL|^MANCHEST…m-lat70-lon-10
66%
r:^COLOMBO|^COLUMBO|^K[AOU]+LAL[AOU]+MP[AEOU]+R|^M…c-lat10-lon80
65%
r:^ASHGABAT|^ASHKH?ABAD|^BAKU|^T[PB][AEI]?LISI|^TA…c-lat50-lon50
65%
r:^BANDARLAMPUNG|^PERTHm-lat-20-lon100
65%
r:^PERTHm-lat-20-lon120
65%
r:^PERTHm-lat-30-lon100
65%
r:^PERTHm-lat-30-lon110
65%
r:^PERTHm-lat-40-lon110
65%
r:^(ESF|ISF|SEP|HISP)AHAN|^ADANA|^AHVAZ|^AL+EP+O|^…m-lat40-lon40
65%
r:^[DT](AE|EA)GU|^ANSHAN|^BENXI|^BUSAN|^PUSAN|^CHA…m-lat50-lon130
65%
r:^AGADIR|^BORDEAUX|^CASABLANCA|^MALAGA|^O?PORTO|^…m-lat50-lon-20
65%
r:^CALGARY|^DENVER|^EDM[AEIO]NT[EO]Nm-lat60-lon-110
64%
r:^MAN+IL+A|^MELEKEOK|^NGERULMUDc-lat20-lon130
63%
r:^ADANA|^AL+EP+O|^HALAB|^ALEXANDRIA|^ANTALYA|^BAS…m-lat30-lon30
63%
r:^[DT](AE|EA)GU|^BUSAN|^PUSAN|^CHANGWON|^MASAN|^F…m-lat40-lon140
63%
r:^FUJI|^HAMAMATSU|^HARBIN|^JILIN|^NAGOYA|^OSAKA|^…m-lat50-lon140
63%
r:^ALEXANDRIA|^ANTALYA|^BURSA|^GAZA|^IZMIR|^JEDDA|…m-lat30-lon20
61%
r:^(ESF|ISF|SEP|HISP)AHAN|^AH?M[AE]D[AE]BAD|^AMDAV…m-lat40-lon60
61%
r:^BANJUL|^DAKAR|^N[OUA]+[CKH]+OT|^PRAIAc-lat30-lon-30
60%
r:^BARQUISIMETO|^BARRANQUILLA|^BUCARAMANGA|^CALI|^…m-lat10-lon-70
60%
r:^AU[CK]+LANDm-lat-20-lon170
60%
r:^AU[CK]+LANDm-lat-30-lon170
60%
r:^AU[CK]+LANDm-lat-30-lon180
60%
r:^AU[CK]+LANDm-lat-30-lon-180
60%
r:^AU[CK]+LANDm-lat-40-lon160
60%
r:^AU[CK]+LANDm-lat-40-lon170
60%
r:^AU[CK]+LANDm-lat-40-lon-180
60%
r:^AU[CK]+LANDm-lat-40-lon180
60%
r:^AU[CK]+LANDm-lat-50-lon170
60%
r:^VICTORIA|^COLOMBO|^COLUMBO|^MALEc-lat0-lon70
59%
r:^LIBR[AE]VILLE|^LUANDA|^S[AO]+TOME|^WINDH[OE]+Kc-lat-10-lon0
59%
r:^VICTORIA|^COLOMBO|^COLUMBO|^MALEc-lat10-lon60
59%
r:^BARRANQUILLA|^BUCARAMANGA|^CALI|^CART[AEI]GENA|…m-lat0-lon-80
59%
r:^DAR|^DURBAN|^LUBUMBASHI|^MOMBAS+Am-lat-10-lon30
59%
r:^BANJUL|^DAKAR|^PRAIAc-lat20-lon-40
58%
r:^[JY]OG[AYJ]+[CK]+ARTA|^BAND[AEOU]NG|^BANDARLAMP…m-lat0-lon100
58%
r:^BARC[AEIO]LONA|^BENINCITY|^FE[SZ]|^IB[AEI]DAN|^…m-lat30-lon0
58%
r:^ASANSOL|^BAOJI|^CH[OU]NG[KQ]ING|^CHENGDU|^CHIT+…m-lat40-lon90
58%
r:^VICTORIA|^DJ[AEI]B(OU|UO|U)TI|^MOGAN?DISHU|^MAL…c-lat10-lon50
56%
r:^TAL+IN|^HELSINKI|^RIGAc-lat80-lon20
56%
r:^ADELAIDE|^MEL+B[EOU]+RNm-lat-40-lon130
56%
r:^(V[AI]+[SZ][AH]+K|VIZAG)|^AGRA|^ALIGARH|^ALLAHA…m-lat40-lon80
56%
r:^VANCOUVERm-lat60-lon-140
56%
r:^VANCOUVERm-lat70-lon-130
56%
r:^COLOMBO|^COLUMBO|^MALEc-lat10-lon70
55%
r:^ASTANA|^BISH[CK]+EC?K|^KATH?MANDU|^TASHKENTc-lat50-lon80
55%
r:^FUJI|^HAMAMATSU|^NAGOYA|^NAHA|^OSAKA|^SENDAI|^S…m-lat30-lon140
55%
r:^FUJI|^HAMAMATSU|^NAGOYA|^OSAKA|^SENDAI|^SHIZUOK…m-lat40-lon150
55%
r:^CALGARY|^EDM[AEIO]NT[EO]Nm-lat70-lon-120
55%
r:^(V[AI]+[SZ][AH]+K|VIZAG)|^BANG[AEI]L[OU]R[EU]|^…m-lat10-lon80
54%
r:^BARQUISIMETO|^BARRANQUILLA|^BUCARAMANGA|^CALI|^…m-lat10-lon-80
54%
r:^(KANSASCITY|KC)|^EDM[AEIO]NT[EO]N|^MIL+W[AU]+L?…m-lat60-lon-100
54%
r:^ULANBATOR|^UL[AO]+NBA+T+[AOU]+Rc-lat50-lon90
53%
r:^ULANBATOR|^UL[AO]+NBA+T+[AOU]+Rc-lat60-lon100
53%
r:^ULANBATOR|^UL[AO]+NBA+T+[AOU]+Rc-lat60-lon90
53%
r:^ULANBATOR|^UL[AO]+NBA+T+[AOU]+Rc-lat70-lon100
53%
r:^DAR|^LUBUMBASHI|^MBUJIMAYI|^MOMBAS+Am-lat0-lon20
53%
r:^DAR|^LUBUMBASHI|^MBUJIMAYI|^MOMBAS+Am-lat0-lon30
53%
r:^BARRANQUILLA|^BUCARAMANGA|^CALI|^CART[AEI]GENA|…m-lat10-lon-90
53%
r:^BATAM|^CHONBURI|^GEORGETOWN|^HOCHIMIN|^SAIGON|^…m-lat10-lon90
53%
r:^(TS|Q)ING[DT]AO|^BAODING|^BAOJI|^BAOTOU|^BENGBU…m-lat40-lon100
53%
r:^PORTONOVO|^YAM+[OU]+S+[OU]+[CK]+RO|^AC+RA|^COT[…c-lat0-lon-10
52%
r:^MORONI|^VICTORIA|^(PORT|PT)L(OU|UO)IS|^ANTAN+(A…c-lat-10-lon50
52%
r:^PYONGYANG|^SE[OU]+Lc-lat60-lon120
52%
r:^DAR|^MOMBAS+Am-lat0-lon40
52%
r:^DAR|^MOMBAS+Am-lat0-lon50
52%
r:^BARQUISIMETO|^CALI|^COCHABAMBA|^G[AU]+Y[AEI]QUI…m-lat0-lon-70
52%
r:^[JY]OG[AYJ]+[CK]+ARTA|^BAND[AEOU]NG|^BANDARLAMP…m-lat10-lon100
52%
r:^DAR|^MOMBAS+Am-lat10-lon30
52%
r:^DAR|^MOMBAS+Am-lat-10-lon40
52%
r:^DAR|^MOMBAS+Am-lat10-lon40
52%
r:^(TS|Q)ING[DT]AO|^ANSHAN|^BAODING|^BAOJI|^BAOTOU…m-lat50-lon110
52%
r:^BOSTON|^MONTREALm-lat50-lon-60
52%
r:^BOSTON|^MONTREALm-lat60-lon-70
52%
r:^KINGSTOW?N|^CASTR[EI]+S|^ROS+[AE]+U|^BAS+[AE]TE…c-lat30-lon-60
51%
r:^ASTANA|^BISH[CK]+EC?K|^TASHKENTc-lat60-lon70
51%
r:^ALMAATA|^ALMATY|^AMRITSAR|^CHANDIGARH|^F[AI]+[S…m-lat50-lon70
51%
r:^FUN+AFUT+I|^HON[AEI]+R+A|^M[AEIO]JURO|^PORTVIL+…c-lat0-lon170
50%
r:^FUN+AFUT+I|^NU[CK]+[AEIOU]+L[OU]FA|^PORTVIL+A|^…c-lat-10-lon170
50%
r:^KINGSTOW?N|^CASTR[EI]+S|^ROS+[AE]+U|^(ST|SAINT)…c-lat20-lon-50
50%
r:^THIMPH?U|^DHAKA|^DACCA|^KATH?MANDU|^NAY?P[AEIY]…c-lat40-lon90
50%
r:^AGUASCALIENTES|^CIUDADJUAREZ|^CUERNAVACA|^ELPAS…m-lat20-lon-110
50%
r:^AGADIR|^CASABLANCA|^FE[SZ]|^MARRAKESH|^MARRAKEC…m-lat30-lon-20
50%
r:^(V[AI]+[SZ][AH]+K|VIZAG)|^AGRA|^ALIGARH|^ALLAHA…m-lat30-lon90
50%
r:^FUN+AFUT+I|^NU[CK]+[AEIOU]+L[OU]FA|^APIA|^SUVA|…c-lat0-lon-180
49%
r:^FUN+AFUT+I|^NU[CK]+[AEIOU]+L[OU]FA|^APIA|^SUVA|…c-lat0-lon180
49%
r:^MORONI|^VICTORIA|^(PORT|PT)L(OU|UO)IS|^MOGAN?DI…c-lat0-lon50
49%
r:^FUN+AFUT+I|^NU[CK]+[AEIOU]+L[OU]FA|^PORTVIL+A|^…c-lat-10-lon-180
49%
r:^FUN+AFUT+I|^NU[CK]+[AEIOU]+L[OU]FA|^PORTVIL+A|^…c-lat-10-lon180
49%
r:^ASTANA|^TASHKENTc-lat60-lon60
49%
r:^MEL+B[EOU]+RNm-lat-50-lon140
49%
r:^(PORT|PT)MORESBE?Y|^DILL?I|^MELEKEOK|^NGERULMUDc-lat0-lon130
48%
r:^(PORT|PT)MORESBE?Y|^HON[AEI]+R+A|^YAREN|^PALIKI…c-lat0-lon150
48%
r:^(PORT|PT)L(OU|UO)IS|^ANTAN+(AN+)AR+[EI]VOc-lat-20-lon50
48%
r:^HONOLULUm-lat10-lon-160
48%
r:^HONOLULUm-lat20-lon-150
48%
r:^HONOLULUm-lat20-lon-160
48%
r:^HONOLULUm-lat20-lon-170
48%
r:^GAZA|^JEDDA|^MECCA|^MAKKAH|^MEDINA|^TELAVIV|^JA…m-lat20-lon30
48%
r:^BARQUISIMETO|^BARRANQUILLA|^BUCARAMANGA|^CART[A…m-lat20-lon-70
48%
r:^HONOLULUm-lat30-lon-150
48%
r:^HONOLULUm-lat30-lon-160
48%
r:^HONOLULUm-lat30-lon-170
48%
r:^HONOLULUm-lat40-lon-160
48%
r:^(ESF|ISF|SEP|HISP)AHAN|^AHVAZ|^AL+EP+O|^HALAB|^…m-lat40-lon50
48%
r:^BELEM|^FORT[AEIO]L[AEI]+[SZ]A|^JOAOPESSOA|^MACE…m-lat0-lon-40
47%
r:^BELEM|^FORT[AEIO]L[AEI]+[SZ]A|^GOIANIA|^M[AO]N[…m-lat0-lon-60
47%
r:^BAODING|^BAOJI|^BAOTOU|^CH[OU]NG[KQ]ING|^CHENGD…m-lat50-lon100
47%
r:^(YE|YA|E)KAT[EIRN]+B[EU]RG|^ALMAATA|^ALMATY|^CH…m-lat60-lon70
47%
r:^(PORT|PT)MORESBE?Y|^DILL?Ic-lat-10-lon130
46%
r:^(PORT|PT)MORESBE?Y|^HON[AEI]+R+A|^PORTVIL+Ac-lat-10-lon150
46%
r:^HON[AEI]+R+A|^PORTVIL+A|^SUVA|^YARENc-lat-10-lon160
46%
r:^NU[CK]+[AEIOU]+L[OU]FA|^APIA|^SUVAc-lat-10-lon-170
46%
r:^NU[CK]+[AEIOU]+L[OU]FA|^APIA|^SUVAc-lat-20-lon180
46%
r:^NU[CK]+[AEIOU]+L[OU]FA|^APIA|^SUVAc-lat-20-lon-180
46%
r:^BARQUISIMETO|^BELEM|^M[AO]N[AOU]+S|^MARACAY|^SA…m-lat10-lon-60
46%
r:^COCHABAMBA|^CORDOBA|^GOIANIA|^M[AO]N[AOU]+S|^SA…m-lat-10-lon-70
46%
r:^(YE|YA|E)KAT[EIRN]+B[EU]RG|^CH[A-Z]+BINSK|^KAZA…m-lat60-lon50
46%
r:^(YE|YA|E)KAT[EIRN]+B[EU]RG|^CH[A-Z]+BINSK|^KAZA…m-lat60-lon60
46%
r:^ALMAATA|^ALMATY|^KRASNOYARSK|^NOV[A-Z]+B[EI]RSK…m-lat60-lon80
46%
r:^VICTORIA|^MALEc-lat0-lon60
45%
r:^(PORT|PT)MORESBE?Y|^MELEKEOK|^NGERULMUD|^PALIKI…c-lat10-lon140
45%
r:^EDM[AEIO]NT[EO]Nm-lat70-lon-110
45%
r:^(PORT|PT)MORESBE?Y|^HON[AEI]+R+Ac-lat0-lon140
44%
r:^FUN+AFUT+I|^HON[AEI]+R+A|^M[AEIO]JURO|^PORTVIL+…c-lat0-lon160
44%
r:^MUSCAT|^MALEc-lat20-lon60
44%
r:^BELEM|^FORT[AEIO]L[AEI]+[SZ]A|^JOAOPESSOA|^MACE…m-lat10-lon-40
44%
r:^(ESF|ISF|SEP|HISP)AHAN|^(YE|YA|E)KAT[EIRN]+B[EU…m-lat50-lon50
44%
r:^ASTANAc-lat60-lon80
43%
r:^ASTANAc-lat70-lon70
43%
r:^BASRA|^DAMMAM|^ADDAMMAM|^JEDDA|^MECCA|^MAKKAH|^…m-lat20-lon40
43%
r:^COCHABAMBA|^CORDOBA|^MENDO[SZ]A|^PORTOALEGRE|^R…m-lat-30-lon-70
43%
r:^(YE|YA|E)KAT[EIRN]+B[EU]RG|^ALMAATA|^ALMATY|^CH…m-lat50-lon60
43%
r:^COLOMBO|^COLUMBOc-lat0-lon80
42%
r:^ANTAN+(AN+)AR+[EI]VOc-lat-30-lon40
42%
r:^(PORT|PT)ELIZ[AEI]BETH|^DURBAN|^LUBUMBASHIm-lat-20-lon20
42%
r:^ALMAATA|^ALMATY|^KRASNOYARSK|^NOV[A-Z]+B[EI]RSK…m-lat50-lon80
42%
r:^PAR+AMAR+[EI]M?BO|^GEORGETOWNc-lat10-lon-50
41%
r:^[JY]OG[AYJ]+[CK]+ARTA|^BAND[AEOU]NG|^BANDARLAMP…m-lat0-lon90
41%
r:^AGUASCALIENTES|^CUERNAVACA|^G[AU]+D[AEIO]L[AEI]…m-lat20-lon-120
41%
r:^(PORT|PT)ELIZ[AEI]BETH|^DURBANm-lat-20-lon30
41%
r:^(PORT|PT)ELIZ[AEI]BETH|^DURBANm-lat-30-lon20
41%
r:^(PORT|PT)ELIZ[AEI]BETH|^DURBANm-lat-30-lon30
41%
r:^(YE|YA|E)KAT[EIRN]+B[EU]RG|^CH[A-Z]+BINSK|^KAZA…m-lat70-lon50
41%
r:^HON[AEI]+R+A|^M[AEIO]JURO|^TARAWA|^YAREN|^PALIK…c-lat10-lon160
40%
r:^FUN+AFUT+I|^M[AEIO]JURO|^TARAWA|^YAREN|^PALIKIRc-lat10-lon170
40%
r:^DAMMAM|^ADDAMMAM|^DUBAI|^SHIRAZm-lat20-lon50
40%
r:^CORDOBA|^MENDO[SZ]A|^ROSARIO|^VALP[AE]R[AI]+SOm-lat-30-lon-80
40%
r:^AGADIR|^CASABLANCAm-lat40-lon-30
40%
r:^CORDOBA|^MENDO[SZ]A|^ROSARIO|^VALP[AE]R[AI]+SOm-lat-40-lon-70
40%
r:^(PORT|PT)MORESBE?Yc-lat-10-lon140
39%
r:^WINDH[OE]+Kc-lat-20-lon0
39%
r:^FORT[AEIO]L[AEI]+[SZ]A|^JOAOPESSOA|^MACEIO|^NAT…m-lat0-lon-30
39%
r:^JOAOPESSOA|^MACEIO|^NATAL|^RECIFE|^SALV[AEIO]DO…m-lat-10-lon-30
39%
r:^CALI|^COCHABAMBA|^G[AU]+Y[AEI]QUIL|^SANTACRUZm-lat-10-lon-80
39%
r:^(YE|YA|E)KAT[EIRN]+B[EU]RG|^CH[A-Z]+BINSK|^OMSK…m-lat70-lon60
39%
r:^[JY]OG[AYJ]+[CK]+ARTA|^BAND[AEOU]NG|^CEBU|^DAVA…m-lat0-lon120
38%
r:^CALI|^G[AU]+Y[AEI]QUILm-lat0-lon-90
38%
r:^AGUASCALIENTES|^CUERNAVACA|^G[AU]+D[AEIO]L[AEI]…m-lat10-lon-110
38%
r:^DURBANm-lat-20-lon40
38%
r:^DURBANm-lat-30-lon40
38%
r:^DURBANm-lat-40-lon30
38%
r:^GLASGOWm-lat70-lon-20
38%
r:^GLASGOWm-lat80-lon-10
38%
r:^HON[AEI]+R+A|^M[AEIO]JURO|^YAREN|^PALIKIRc-lat10-lon150
37%
r:^VICTORIA|^(PORT|PT)L(OU|UO)ISc-lat-10-lon60
37%
r:^COCHABAMBA|^CORDOBA|^MENDO[SZ]A|^SANTACRUZ|^VAL…m-lat-20-lon-80
37%
r:^ALMAATA|^ALMATY|^BAOTOU|^KRASNOYARSK|^LANZHOU|^…m-lat50-lon90
37%
r:^FUN+AFUT+I|^APIAc-lat0-lon-170
36%
r:^[JY]OG[AYJ]+[CK]+ARTA|^BAND[AEOU]NG|^BANDARLAMP…m-lat0-lon110
36%
r:^KRASNOYARSK|^NOV[A-Z]+B[EI]RSK|^URUMQIm-lat60-lon90
36%
r:^B[AEI]S+(AU|UA)|^CONA[RKC]+(EY|Y)|^FREETOW?N|^M…c-lat0-lon-20
35%
r:^NU[CK]+[AEIOU]+L[OU]FA|^APIAc-lat-20-lon-170
35%
r:^FUN+AFUT+I|^M[AEIO]JURO|^TARAWAc-lat10-lon-180
34%
r:^FUN+AFUT+I|^M[AEIO]JURO|^TARAWAc-lat10-lon180
34%
r:^[JY]OG[AYJ]+[CK]+ARTA|^BAND[AEOU]NG|^BANDARLAMP…m-lat-10-lon100
34%
r:^M[AEIO]JURO|^YAREN|^PALIKIRc-lat20-lon160
33%
r:^BRISBANEm-lat-10-lon150
33%
r:^BRISBANEm-lat-20-lon160
33%
r:^NOV[A-Z]+B[EI]RSK|^OMSKm-lat70-lon70
33%
r:^DILL?Ic-lat-10-lon120
32%
r:^DILL?Ic-lat-20-lon120
32%
r:^BELEM|^FORT[AEIO]L[AEI]+[SZ]A|^SAOLUIS|^TERESIN…m-lat10-lon-50
32%
r:^DAQING|^HARBIN|^JILIN|^QIQIHAR|^SAP+OR+Om-lat60-lon130
32%
r:^APIAc-lat-10-lon-160
31%
r:^ADELAIDEm-lat-20-lon130
31%
r:^KANO|^MAIDUGURI|^NAPLES|^NAPOLI|^SOUSSEm-lat30-lon10
31%
r:^M[AEIO]JURO|^TARAWAc-lat20-lon170
29%
r:^G[AU]+Y[AEI]QUILm-lat0-lon-100
29%
r:^G[AU]+Y[AEI]QUILm-lat-10-lon-90
29%
r:^DENP[AE]S+[AE]R|^MAKASSAR|^UJUNGPANDANG|^MALANG…m-lat-10-lon120
28%
r:^BARQUISIMETO|^MARACAY|^SANJUAN|^VALENCIAm-lat20-lon-60
28%
r:^HAMBURG|^HAMBERG|^HAN+OVER|^KATOWICE|^NUR(N|[EU…m-lat70-lon10
28%
r:^(PORT|PT)L(OU|UO)ISc-lat-20-lon60
27%
r:^(PORT|PT)L(OU|UO)ISc-lat-30-lon50
27%
r:^KRASNOYARSK|^NOV[A-Z]+B[EI]RSKm-lat70-lon80
27%
r:^ABA|^BENINCITY|^D[OU]+ALA|^IB[AEI]DAN|^KADUNA|^…m-lat20-lon10
26%
r:^BELEM|^SAOLUISm-lat20-lon-50
26%
r:^SAP+OR+Om-lat50-lon150
26%
r:^SAP+OR+Om-lat60-lon140
26%
r:^SANJUANm-lat30-lon-60
25%
r:^MENDO[SZ]A|^VALP[AE]R[AI]+SOm-lat-30-lon-90
25%
r:^MENDO[SZ]A|^VALP[AE]R[AI]+SOm-lat-40-lon-80
25%
r:^PALIKIRc-lat20-lon150
24%
r:^ANGELES|^CEBU|^DAVAO|^MAKASSAR|^UJUNGPANDANGm-lat10-lon120
24%
r:^(PORT|PT)ELIZ[AEI]BETH|^LUBUMBASHI|^MBUJIMAYIm-lat-10-lon20
24%
r:^PORTOALEGRE|^ROSARIOm-lat-40-lon-60
24%
r:^ANSHAN|^BENXI|^CHANGCHUN|^CHIFENG|^DALIAN|^DAQI…m-lat60-lon120
24%
r:^PORTVIL+Ac-lat-20-lon160
23%
r:^CEBU|^DAVAOm-lat10-lon130
23%
r:^ANGELES|^CEBU|^DAVAO|^NAHAm-lat20-lon130
23%
r:^KANO|^MAIDUGURIm-lat20-lon20
23%
r:^MELEKEOK|^NGERULMUDc-lat10-lon130
21%
r:^MELEKEOK|^NGERULMUDc-lat20-lon140
21%
r:^ABA|^D[OU]+ALA|^LUBUMBASHI|^MAIDUGURI|^MBUJIMAY…m-lat0-lon10
21%
r:^ABA|^D[OU]+ALA|^LUBUMBASHI|^MAIDUGURI|^MBUJIMAY…m-lat10-lon20
21%
r:^PERMm-lat80-lon50
20%
r:^(PORT|PT)ELIZ[AEI]BETHm-lat-20-lon10
19%
r:^(PORT|PT)ELIZ[AEI]BETHm-lat-30-lon10
19%
r:^(PORT|PT)ELIZ[AEI]BETHm-lat-40-lon20
19%
r:^BAODING|^BAOTOU|^CHIFENG|^DAQING|^DATONG|^HANDA…m-lat60-lon110
19%
r:^LUBUMBASHI|^MBUJIMAYIm-lat-10-lon10
18%
r:^CUERNAVACA|^PUEBLA|^PEUBLA|^SANPEDROSULA|^TOLUC…m-lat10-lon-100
17%
r:^NIZH?N(EY|Y|IE)|^GORKYm-lat80-lon40
15%
r:^BAOTOU|^KRASNOYARSK|^YINCHUANm-lat60-lon100
14%
r:^KRASNOYARSKm-lat70-lon90
14%
r:^MAKASSAR|^UJUNGPANDANGm-lat0-lon130
13%
r:^C[OI]+MB[AEIO]TORE|^KOVAI|^COCHIN|^KOCHI|^MADUR…m-lat0-lon70
12%
r:^C[OI]+MB[AEIO]TORE|^KOVAI|^COCHIN|^KOCHI|^MADUR…m-lat10-lon60
12%
r:^DAQING|^QIQIHARm-lat70-lon120
11%
r:^BANDARLAMPUNGm-lat-10-lon90
10%

Score Distribution

Percentile by Number Answered

Percent of People with Each Score

Your Score History

You have not taken this quiz